Musique par lettre - E - Statistiques

Statistiques générales
  • Ce quiz a été pris 204 fois
  • Le résultat moyen est 12 sur 20
Statistiques - réponses
Questions Réponses % Correct
Quelle icône du rap américain a chanté "Lose Yourself" et "Mockinbird" ? Eminem
96%
Quelle chanson de Charles Aznavour évoque le désir nostalgique du chanteur de partir au loin vers des pays ensoleillés afin de fuir la misère de son quotidien ? Emmenez moi
77%
Quelle chanson de Survivor a été repris par la saga Rocky, et notamment le film "L'Oeil du tigre" ? Eye of the tiger
75%
Quelle chanson de Mika évoque toutes les choses qu'une mère peut dire à son fils ? Elle me dit
73%
Quel groupe américain chante "Hotel California" en 1976 ? Eagles
71%
Quelle chanteuse française a interprété "Ciel" et "Coeur Noir" au début des années 2020 ? Eva Queen
66%
Quelle chanson de Jean-Jacques Goldman évoque le thème de la condition sociale et du fait d'améliorer celle-ci pour un jeune, venant de cités difficiles ? Envole moi
64%
Quel groupe mené par Annie Lennox chante "Sweet Dreams" ? Eurythmics
61%
Quelle chanson de Julie Piétri est un hymne et soutien aux femmes, qui se doivent d'être libres ? Eve lève toi
61%
Quel groupe suédois est l'auteur de la chanson "The Final Countdown" ? Europe
60%
Quel groupe de musique est composé de l'ancien chanteur de Gold ainsi que du groupe ayant interprété "Les Démons de Minuit" ? Emile et Images
57%
En 1986, quelle jeune chanteuse chante "T'en vas pas", adressée à son père, lors du divorce avec sa mère durant son adolesence ? Elsa Lunghini
56%
Quel chanteur suisse a interprété "Déjeuner en paix", en 1991 ? Stephan Eicher
55%
Quel groupe de métal des années 2000 chante "Bring me to life" et "My immortal" ? Evanescence
53%
Quel prénom est au coeur d'une chanson de Guesch Patti (Oh tiens le bien) ? Etienne
52%
Quelle chanson de Shy'm marque l'émancipation d'une femme qui tente de s'accepter ? Et alors
48%
Quelle chanson de Jay-Z et Alicia Keys rend hommage à la ville de New-York ? Empire state of mind
47%
Quel tube de The Police traite de la jalousie d'un personnage voulant contrôler la vie de son amour perdu ? Every breath you take
32%
Comment s'appelle le garçon aux cheveux longs des Kids United ? Esteban
27%
Quelle chanson allemande a été reprise par le parti nazie comme hymne officiel du régime ? Erika
23%
Aucun quiz correspondant
Distribution des résultats
% des personnes avec chaque résultat
Percentile par nombre de réponses
Votre historique - résultats
Vous n’avez pas pris ce quiz